000 nam a22 4500
999 _c8864
_d8864
008 180315b ||||| |||| 00| 0 eng d
245 _aDOLE to fast-track regularization of contract workers.
260 _aPhilippines
_bThe Philippine Star
_cc2017
300 _apage 7.
650 0 _926842
_aEmployment.
942 _2ddc
_cPER